000 00935nas a2200277 4500
001 BR2013003210
003 BR-BrBNA
005 20231205122401.0
007 ta
008 230509b bl.|||p| |||| 00| 00por d
040 _aBR-BrBNA
_bpor
_cBiblioteca Nacional de Agricultura
041 _a(Pt)
072 _aQ02; Q70
100 1 _aRoveda, M.
100 1 _aHemkemeier, M.
100 1 _aColla, L.M.
245 1 _aAvaliação da produção de lipases por diferentes cepas de microrganismos isolados em efluentes de laticínios por fermentação submersa
650 _aRESÍDUO INDUSTRIAL
650 _aREDE DE ESGOTO
650 _aENZIMA
650 _aHIDRÓLISE
773 0 _tCiência e Tecnologia de Alimentos (Brazil)
_xISSN 1678-457X
_g(Jan-Mar 2010), V. 30(1) p. 126-131
_wBR2013003210
856 4 0 _uhttp://www.scielo.br/pdf/cta/v30n1/v30n1a19.pdf
909 _a202311
_bLúcia
_c55
_dLúcia Elande
942 _2AGRIS
_n0
_cANA
999 _c228374
_d228374